Économie et finances en Amérique Latine #1 - Statistiques

Statistiques générales
  • Ce quiz a été pris 30 fois
  • Le résultat moyen est 8 sur 15
Statistiques - réponses
Question Réponse % Correct
Quel est l'impact du changement climatique sur la région ALC ? Augmentation de la fréquence des catastrophes naturelles
95%
L'indicateur le plus utilisé pour mesurer la croissance économique est : le Produit Intérieur Brut
84%
Avec la crise en Ukraine, le prix mondial du pétrole : est à la hausse
74%
Quel est le principal effet de l'inflation élevée dans la région ? Toucher principalement les plus pauvres
74%
Avec la crise en Ukraine, l'inflation en Amérique Latine : est à la hausse
68%
Lequel de ces éléments n'est pas intégré dans le calcul du PIB ? La production domestique
63%
La crise du COVID-19 a entraîné une : Diminution des échanges internationaux
58%
Selon le FMI, la zone du monde la plus touchée par le Covid-19 en termes de chute du PIB en 2020 est : l'Amérique latine
53%
Actuellement, les exportations d'Amérique Latine ont pour destination principale : Chine
42%
Quel élément contribue le plus au PIB pour Haïti sur 2014 - 2018 ? Les envois de fonds
42%
Quel est l'impact du ralentissement économique en Chine sur certains pays de la région ALC ? Diminution du canal commercial avec la Chine
37%
Durant la crise du COVID-19, le prix mondial du pétrole a : diminué
32%
Pour lutter contre les effets du COVID-19 sur l'économie brésilienne, le gouvernement a : mis en place une politique de transferts pour les ménages
32%
Le PIB nominal est toujours : ça dépend
26%
Quel élément contribue le plus au PIB pour la Barbade sur 2014 - 2018 ? Les envois de fonds
16%
Aucun quiz correspondant
Distribution des résultats
% des personnes avec chaque résultat
Percentile par nombre de réponses
Votre historique - résultats
Vous n’avez pas pris ce quiz